00724nam a2200241 a 4500001001300000003000900013005001700022008004100039020002300080082001900103100001600122245005700138260002500195300000900220500003500229505003400264650001600298700001600314902000800330942000700338952012000345999001700465nice12345678IN_TiNIC20260116013337.0050524s1998 dela grp 000 0 eng  a8186706 c30000a305.40954bMEN aMenon, Ritu aBorders and Boundaries; Women in India`s Partitition aDelhibZubaan c1998 a274p aincludes index and biblioraphy2 aAppendix, Bibliography, Index aWomen-India1 aMenon, Ritu bSRS cBK 001040708StackRoom-aHMIbHMId2007-03-21g300.00l0o305.40954 MENp018110r2007-03-21v300.00w2005-05-24yBK c10628d10628